Meg Tilly Filmography - Statistics

General Stats
  • This quiz has been taken 2 times
  • The average score is 18 of 33
Answer Stats
Type Year Name % Correct
Film 1985 Agnes of God
100%
TV Show 2012-2013, 2014 Bomb Girls
100%
TV Film 2013 Bomb Girls: Facing the Enemy
100%
TV Show 2022 Chucky
100%
Film 2016 Antibirth
50%
Film 1993 Body Snatchers
50%
TV Show 2010 Caprica
50%
TV Show 1993 Fallen Angels
50%
Film 1980 Fame
50%
TV Show 1982, 1985 Hill Street Blues
50%
Film 1984 Impulse
50%
TV Show 1981 Insight
50%
TV Film 1990 In the Best Interest of the Child
50%
TV Film 1995 Journey
50%
Film 1992 Leaving Normal
50%
Film 1988 Masquerade
50%
TV Show 1989 Nightmare Classics
50%
Film 1986 Off Beat
50%
Film 1983 One Dark Night
50%
Film 1983 Psycho II
50%
TV Show 1993 Road to Avonlea
50%
Film 1994 Sleep with Me
50%
Film 1982 Tex
50%
Film 1983 The Big Chill
50%
Film 1988 The Girl in a Swing
50%
Film 1990 The Two Jakes
50%
TV Film 1982 To Climb a Mountain
50%
TV Film 1994 Trick of the Eye
50%
Film 1989 Valmont
50%
Film 2017 War Machine
50%
TV Show 1994 Winnetka Road
50%
Theater 2012 The Real World?
0%
TV Film 1982 The Trouble with Grandpa
0%
No matching quizzes found
Score Distribution
Percent of People with Each Score
Percentile by Number Answered
Your Score History
You have not taken this quiz